000 01172nam a2200313 i 4500
003 EG-GICUC
005 20260514114111.0
008 260514s1969 fr |||fr|||| 000 0 Fre d
040 _aEG-GiCUC
_bfre
_cEG-GiCUC
_dEG-GiCUC
_eRda
041 0 _afre
082 0 4 _a345.692042
_bBO . E
_221
092 0 4 _221
099 _aLaw 07 345.692042 BO . E 1969
100 1 _aBoussard, Jean-Luc.
_eAuteur
245 2 0 _aL'Énquéte Publique En Angleterre (Un Moyen Politico-Juridique De Contrôler I'Administration) /
_cPar Jean-Luc Boussard; Préface De Roland Drago.
_b
264 1 _aParis :
_bPresses Universitaires De France,
_c1969.
300 _a163 Page ;
_c 24 cm.
336 _2rda contenu
_a texte
337 _2rda medias
_aOrdinateur
338 _2 transporteur rda
_a Ressource en ligne
490 _aScience Administrative
_vN 3
500 _aTravaux Et Recherches De La Faculte De Droit Et Des Sciences Economiques De Paris
546 _aTexte en français
650 1 _aDroit Administratif
_zAngleterre
700 1 _aDrago, Roland
_ePréfacier
856 4 0 _uhttps://fll.law.cu.edu.eg/fulltext/bks/B07-05813.pdf
905 _a64
942 _2ddc
_n0
_cBK
_e21
999 _c76878
_d76878